000 00742nam a2200181Ia 4500
008 100920s9999 xx 000 0 und d
082 _b59589
_a37 थ 89
100 _aअलोणी विनोद रा.
245 _aपशुसंवर्धन आणि कुक्कुटपालन.
260 _bअर्चना प्रकाशन,नागपूर.
_c1989
300 _a183
_bसाधी
365 _b40
520 _aुउदयोजक विभाग.
630 _aपशुसंवर्धन आणि कुक्कुटपालन.
650 _aुउदयोजक विभाग.
730 _aपशुसंवर्धन आणि कुक्कुटपालन.
942 _cBOOK
999 _c702984
_d702981